[Event "Gligoric Cup 11th"]
[Site "Paracin"]
[Date "2025.05.25"]
[Round "5.1"]
[White "Djordjevic, Vuk D"]
[Black "Bryakin, Mikhail"]
[Result "0-1"]
[WhiteElo "2350"]
[BlackElo "2444"]
[PlyCount "50"]
[EventDate "2025.05.22"]
[EventType "team-swiss"]
[EventRounds "5"]
[EventCountry "SRB"]
[SourceTitle "CB22_2025"]
[SourceDate "2025.05.28"]
[SourceVersion "1"]
[SourceVersionDate "2025.05.28"]
[SourceQuality "1"]
[WhiteTeam "Nis Nais"]
[BlackTeam "Belgrade Crvena Zvezda"]
[WhiteTeamCountry "SRB"]
[BlackTeamCountry "SRB"]

1. d4 d5 2. Nf3 Nf6 3. c4 e6 4. Nc3 Be7 5. e3 0-0 6. Qc2 b6 7. cxd5 exd5 8. Be2 c5 9. 0-0 Bb7 10. Rd1 Nbd7 11. dxc5 bxc5 12. b3 Rc8 13. Bb2 Qc7 14. Rac1 Qb8 15. Qb1 Rfd8 16. Ba3 Nf8 17. Na4 Ne6 18. Nd4 cxd4 19. Bxe7 dxe3 20. fxe3 Qe5 21. Bxd8 Qxe3+ 22. Kf1 Nf4 23. Rc2 Ng4 24. Bxg4 Ba6+ 25. Rc4 Rxc4 0-1

[Event "Gligoric Cup 11th"]
[Site "Paracin"]
[Date "2025.05.24"]
[Round "3.1"]
[White "Markus, Robert"]
[Black "Bryakin, Mikhail"]
[Result "1/2-1/2"]
[WhiteElo "2573"]
[BlackElo "2444"]
[PlyCount "76"]
[EventDate "2025.05.22"]
[EventType "team-swiss"]
[EventRounds "5"]
[EventCountry "SRB"]
[SourceTitle "CB22_2025"]
[SourceDate "2025.05.28"]
[SourceVersion "1"]
[SourceVersionDate "2025.05.28"]
[SourceQuality "1"]
[WhiteTeam "Surdulica Radnik"]
[BlackTeam "Belgrade Crvena Zvezda"]
[WhiteTeamCountry "SRB"]
[BlackTeamCountry "SRB"]

1. c4 e6 2. Nc3 Nf6 3. e4 d5 4. cxd5 exd5 5. e5 d4 6. exf6 dxc3 7. Bb5+ c6 8. Qe2+ Be6 9. Bc4 Qxf6 10. dxc3 Be7 11. Bxe6 Qxe6 12. Qxe6 fxe6 13. Be3 Nd7 14. Rd1 Nb6 15. Nf3 Nd5 16. Ke2 0-0-0 17. Rhe1 Nxe3 18. Kxe3 Bf6 19. Ke2 b5 20. Rd3 Rd5 21. Re3 Kd7 22. Re4 a5 23. Rc1 Rc5 24. Ne1 Re5 25. Rxe5 Bxe5 26. a4 Kc7 27. Nd3 Bd6 28. Ra1 Kb6 29. h3 c5 30. axb5 c4 31. Ne1 Kxb5 32. Nf3 h6 33. Nd2 Rd8 34. Ne4 Be7 35. Ra2 Rd7 36. Ra1 Rd8 37. Ra2 Rd7 38. Ra1 Rd8 1/2-1/2

[Event "Titled Tuesday intern op 06th May Early"]
[Site "Chess.com INT"]
[Date "2025.05.06"]
[Round "5"]
[White "Bryakin, Mikhail"]
[Black "Moussard, Jules"]
[Result "0-1"]
[WhiteElo "2444"]
[BlackElo "2597"]
[PlyCount "124"]
[EventDate "2025.05.06"]
[EventType "swiss (blitz)"]
[EventRounds "11"]
[EventCountry "USA"]
[SourceTitle "CB20_2025"]
[SourceDate "2025.05.14"]
[SourceVersion "1"]
[SourceVersionDate "2025.05.14"]
[SourceQuality "1"]

1. Nf3 Nf6 2. g3 b6 3. Bg2 Bb7 4. 0-0 g6 5. c4 Bg7 6. Nc3 0-0 7. Qc2 d5 8. cxd5 Nxd5 9. Nxd5 Bxd5 10. d3 c5 11. Bd2 Nc6 12. Bc3 e5 13. b3 Rc8 14. Qb2 Nd4 15. e4 Bb7 16. Rfd1 Ba6 17. Nxd4 cxd4 18. Bb4 Re8 19. a4 Bf8 20. Be1 Qd7 21. Bf1 Rc7 22. Rac1 Rec8 23. Bd2 Qe6 24. b4 f5 25. b5 Bb7 26. f3 Bc5 27. Bg2 Rf8 28. Rc4 fxe4 29. fxe4 Rcf7 30. Bh6 Rf2 31. Qxf2 Rxf2 32. Kxf2 Qf6+ 33. Kg1 g5 34. Bxg5 Qxg5 35. Rc2 Bc8 36. Bf3 Be6 37. Re2 Bb3 38. Rf1 Bxa4 39. h4 Qg6 40. Ref2 Bxb5 41. Be2 Bd7 42. Kh2 Be7 43. h5 Qe6 44. Kg1 Bg5 45. Rf8+ Kg7 46. R1f3 Be3+ 47. Kf1 a5 48. Ke1 a4 49. h6+ Bxh6 50. Ra8 Be3 51. Rff8 h5 52. Rh8 Kg6 53. Rhg8+ Kf6 54. Rh8 Ke7 55. Rh7+ Kd6 56. Ra7 Bc6 57. Bxh5 Kc5 58. Be2 Qf6 59. Kd1 Qf2 60. Rh1 Qg2 61. Rh6 Qg1+ 62. Kc2 Qc1# 0-1

[Event "MNT-chT"]
[Site "Herceg Novi"]
[Date "2025.05.03"]
[Round "3.16"]
[White "Bryakin, Mikhail"]
[Black "Milanovic, Slavisa"]
[Result "1-0"]
[WhiteElo "2434"]
[BlackElo "2342"]
[PlyCount "45"]
[EventDate "2025.05.01"]
[EventType "team-tourn"]
[EventRounds "9"]
[EventCountry "MNE"]
[SourceTitle "CB20_2025"]
[SourceDate "2025.05.14"]
[SourceVersion "1"]
[SourceVersionDate "2025.05.14"]
[SourceQuality "1"]
[WhiteTeam "Elektroprivreda"]
[BlackTeam "Mimoza"]
[WhiteTeamCountry "MNE"]
[BlackTeamCountry "MNE"]

1. d4 Nf6 2. c4 e6 3. Nf3 c5 4. d5 exd5 5. cxd5 d6 6. Nc3 g6 7. e4 Bg7 8. Be2 0-0 9. Be3 b5 10. e5 Ng4 11. Bg5 Qb6 12. exd6 Ba6 13. 0-0 Nd7 14. Be7 Rfc8 15. Nd2 Nge5 16. a4 c4 17. axb5 Bb7 18. Ra4 a6 19. Nxc4 Nxc4 20. Rxc4 Rxc4 21. Bxc4 Bxc3 22. bxc3 axb5 23. Be2 1-0

[Event "Pozarevac Rudar GM 04"]
[Site "Pozarevac"]
[Date "2025.04.13"]
[Round "8"]
[White "Aakash Sharadchandra, Dalvi"]
[Black "Bryakin, Mikhail"]
[Result "1/2-1/2"]
[WhiteElo "2366"]
[BlackElo "2434"]
[PlyCount "138"]
[EventDate "2025.04.07"]
[EventType "tourn"]
[EventRounds "9"]
[EventCountry "SRB"]
[EventCategory "6"]
[SourceTitle "CB20_2025"]
[SourceDate "2025.05.14"]
[SourceVersion "1"]
[SourceVersionDate "2025.05.14"]
[SourceQuality "1"]

1. d4 d5 2. c4 c6 3. Nf3 Nf6 4. Nc3 e6 5. Bg5 dxc4 6. e4 b5 7. e5 h6 8. Bh4 g5 9. Nxg5 hxg5 10. Bxg5 Nbd7 11. g3 Rg8 12. Bh4 Qa5 13. exf6 b4 14. Ne4 Ba6 15. b3 0-0-0 16. Bxc4 Bxc4 17. bxc4 b3+ 18. Kf1 Qf5 19. f3 Nc5 20. Kg2 b2 21. Rb1 Nxe4 22. fxe4 Qxe4+ 23. Qf3 Rxd4 24. Rxb2 Rxc4 25. Qxe4 Rxe4 26. Kf3 Ra4 27. Rd1 Ra3+ 28. Kg2 Ra5 29. h3 Rh8 30. Rc1 Ra6 31. Rcb1 Bd6 32. Rd2 Kc7 33. Bg5 Ra5 34. h4 a6 35. Kf3 Rf5+ 36. Kg4 Rd5 37. Rdb2 Rb5 38. a4 Rxb2 39. Rxb2 Be5 40. Re2 Bd4 41. h5 Kd6 42. h6 c5 43. Kh5 c4 44. g4 e5 45. Bc1 Ke6 46. g5 c3 47. Kg4 Rc8 48. h7 Rh8 49. Rh2 e4 50. Bf4 e3 51. Bxe3 Bxe3 52. Re2 Kd5 53. Rxe3 Kd4 54. Re7 Rxh7 55. Rd7+ Ke4 56. Rc7 Kd3 57. g6 Rh6 58. Rxf7 Rxg6+ 59. Kf5 Rg1 60. Rd7+ Kc4 61. Rc7+ Kb3 62. f7 Rf1+ 63. Ke6 a5 64. Ke7 Re1+ 65. Kd8 Rd1+ 66. Ke8 Re1+ 67. Kd8 Rd1+ 68. Ke8 Re1+ 69. Kd8 Rd1+ 1/2-1/2

[Event "Pozarevac Rudar GM 03"]
[Site "Pozarevac"]
[Date "2025.04.02"]
[Round "4"]
[White "Bryakin, Mikhail"]
[Black "Stankovic, Milos"]
[Result "1/2-1/2"]
[WhiteElo "2434"]
[BlackElo "2440"]
[PlyCount "77"]
[EventDate "2025.03.30"]
[EventType "tourn"]
[EventRounds "9"]
[EventCountry "SRB"]
[EventCategory "6"]
[SourceTitle "CB15_2025"]
[SourceDate "2025.04.09"]
[SourceVersion "1"]
[SourceVersionDate "2025.04.09"]
[SourceQuality "1"]

1. d4 d5 2. c4 e6 3. Nc3 h6 4. Nf3 Nf6 5. Bf4 Bd6 6. Bxd6 Qxd6 7. e3 0-0 8. Rc1 b6 9. cxd5 Nxd5 10. Nxd5 exd5 11. Qc2 c6 12. Bd3 Be6 13. 0-0 Rc8 14. Ne5 c5 15. f4 f6 16. Bh7+ Kh8 17. f5 fxe5 18. fxe6 Nc6 19. dxc5 bxc5 20. Bf5 Ne7 21. Bg4 c4 22. Rf7 Rf8 23. Rcf1 Rxf7 24. exf7 Rf8 25. b3 cxb3 26. Qxb3 g6 27. Qb7 Kg7 28. Qxa7 Rxf7 29. Rxf7+ Kxf7 30. a4 d4 31. a5 Qb4 32. Qa6 dxe3 33. h3 Nf5 34. Qa7+ Kf8 35. Qa8+ Ke7 36. Qa7+ Kf8 37. Qa8+ Ke7 38. Qa7+ Kf8 39. Qa8+ 1/2-1/2

[Event "Pozarevac Rudar GM 03"]
[Site "Pozarevac"]
[Date "2025.03.30"]
[Round "1"]
[White "Sedlak, Nikola"]
[Black "Bryakin, Mikhail"]
[Result "1/2-1/2"]
[WhiteElo "2449"]
[BlackElo "2434"]
[PlyCount "22"]
[EventDate "2025.03.30"]
[EventType "tourn"]
[EventRounds "9"]
[EventCountry "SRB"]
[EventCategory "6"]
[SourceTitle "CB15_2025"]
[SourceDate "2025.04.09"]
[SourceVersion "1"]
[SourceVersionDate "2025.04.09"]
[SourceQuality "1"]

1. e4 c6 2. d4 d5 3. exd5 cxd5 4. Bd3 Nc6 5. c3 Qc7 6. Na3 a6 7. Nc2 e6 8. Nf3 Bd6 9. 0-0 Nf6 10. Re1 0-0 11. h3 Qd8 1/2-1/2

[Event "Titled Tuesday intern op 25th Mar Early"]
[Site "Chess.com INT"]
[Date "2025.03.25"]
[Round "5"]
[White "Bryakin, Mikhail"]
[Black "Goldin, Alexander"]
[Result "1/2-1/2"]
[WhiteElo "2434"]
[BlackElo "2542"]
[PlyCount "226"]
[EventDate "2025.03.25"]
[EventType "swiss (blitz)"]
[EventRounds "11"]
[EventCountry "USA"]
[SourceTitle "CB14_2025"]
[SourceDate "2024.11.01"]
[SourceVersion "1"]
[SourceVersionDate "2024.11.01"]
[SourceQuality "1"]

1. e4 e5 2. Nf3 Nc6 3. Nc3 Nf6 4. h3 d5 5. exd5 Nxd5 6. Bb5 Nxc3 7. bxc3 Bd6 8. 0-0 0-0 9. d4 exd4 10. cxd4 Bf5 11. c4 a6 12. Ba4 Qf6 13. Bb2 b5 14. cxb5 Nb4 15. Ne5 Rfb8 16. bxa6 Bxe5 17. dxe5 Qxa6 18. Bb3 Nd3 19. Bc3 Rd8 20. Qf3 Be6 21. Rfd1 c5 22. Bxe6 fxe6 23. Qe4 c4 24. a4 Rac8 25. a5 Rd5 26. Rd2 Rb8 27. Rc2 Rb3 28. Kh2 Nc5 29. Qe3 Nd3 30. Qg5 h6 31. Qh5 Kh7 32. Qg4 Rb7 33. Ra4 Rc7 34. Qe4+ Kg8 35. f4 Qb5 36. Raa2 Rf7 37. Bd2 Qa6 38. Qxc4 Ra7 39. Qc8+ Kh7 40. Qxa6 Rxa6 41. Kg3 Kg6 42. Kf3 h5 43. g4 hxg4+ 44. hxg4 Nc5 45. Ra3 Kf7 46. Be3 Nd7 47. Rc7 Ke8 48. Rc8+ Ke7 49. Rb3 Rdxa5 50. Rg8 Kf7 51. Rd8 Ke7 52. Rg8 Kf7 53. Rc8 Ke7 54. Rcc3 Rd5 55. Rd3 Rxd3 56. Rxd3 Ra4 57. Rd4 Rxd4 58. Bxd4 g6 59. Ke4 Nb8 60. Bc5+ Kd7 61. Kf3 Nc6 62. Kg3 Ke8 63. Kh4 Kf7 64. Kg5 Na5 65. Bb4 Nc4 66. Kh4 Ne3 67. Bd2 Nd5 68. Kg5 Ne7 69. Be3 Nd5 70. Bd4 Nb4 71. Kh4 Nd5 72. Kg3 Ne7 73. Kf3 Nc6 74. Bc3 Ke7 75. Ke4 Kd7 76. Bd4 Ke7 77. Bc5+ Kf7 78. Bd6 Nd8 79. Ba3 Nc6 80. Bc1 Ke7 81. Be3 Kf7 82. Bf2 Ke8 83. Bh4 Kd7 84. Kd3 Ke8 85. Kc4 Kd7 86. Kc5 Na5 87. Kb4 Nc6+ 88. Kc4 Na5+ 89. Kd4 Nc6+ 90. Ke4 Nb4 91. Bf6 Nd5 92. Bg5 Nc3+ 93. Kd4 Nb5+ 94. Kc5 Nc7 95. Bh6 Na6+ 96. Kb5 Nc7+ 97. Kb6 Nd5+ 98. Kc5 Ne3 99. f5 Nxg4 100. fxe6+ Kxe6 101. Bc1 Nxe5 102. Kd4 Kf5 103. Ke3 g5 104. Ke2 g4 105. Bd2 Ke4 106. Be1 Nd3 107. Bg3 Nf4+ 108. Bxf4 Kxf4 109. Kf2 g3+ 110. Kg2 Kg4 111. Kg1 Kf3 112. Kf1 g2+ 113. Kg1 Kg3 1/2-1/2

[Event "Titled Tuesday intern op 25th Mar Early"]
[Site "Chess.com INT"]
[Date "2025.03.25"]
[Round "11"]
[White "Bryakin, Mikhail"]
[Black "Kosteniuk, Alexandra"]
[Result "0-1"]
[WhiteElo "2434"]
[BlackElo "2484"]
[PlyCount "86"]
[EventDate "2025.03.25"]
[EventType "swiss (blitz)"]
[EventRounds "11"]
[EventCountry "USA"]
[SourceTitle "CB14_2025"]
[SourceDate "2024.11.01"]
[SourceVersion "1"]
[SourceVersionDate "2024.11.01"]
[SourceQuality "1"]

1. e4 c6 2. Nf3 d5 3. Nc3 dxe4 4. Nxe4 Nf6 5. Qe2 Nxe4 6. Qxe4 Nd7 7. Bc4 Nf6 8. Qe2 Bf5 9. Ne5 e6 10. Qf3 Qc7 11. d4 Bd6 12. Bf4 Bxc2 13. 0-0 Be4 14. Qg3 Nh5 15. Qg4 Nxf4 16. Qxf4 Bd5 17. Qg4 Bxe5 18. dxe5 Bxc4 19. Qxc4 Qxe5 20. f4 Qd5 21. Qc3 0-0-0 22. Rf2 f6 23. a4 Qd4 24. Qb3 Rd5 25. a5 a6 26. Rc1 Rhd8 27. h3 R8d6 28. Rcc2 Qd1+ 29. Kh2 Rxa5 30. Qg3 Rd7 31. Rce2 Ra1 32. Qg4 f5 33. Qh5 g6 34. Qh6 Rd3 35. Qf8+ Kc7 36. Qe7+ Kb8 37. Qf8+ Rd8 38. Qe7 Qd7 39. Qf6 Re8 40. Rd2 Qe7 41. Qe5+ Qc7 42. Qf6 e5 43. Rfe2 e4 0-1

[Event "Titled Tuesday intern op 18th Mar Late"]
[Site "Chess.com INT"]
[Date "2025.03.18"]
[Round "10"]
[White "Ashraf, Artin"]
[Black "Bryakin, Mikhail"]
[Result "1-0"]
[WhiteElo "2407"]
[BlackElo "2434"]
[PlyCount "197"]
[EventDate "2025.03.18"]
[EventType "swiss (blitz)"]
[EventRounds "11"]
[EventCountry "USA"]
[SourceTitle "CB13_2025"]
[SourceDate "2025.03.26"]
[SourceVersion "1"]
[SourceVersionDate "2025.03.26"]
[SourceQuality "1"]

1. e4 c6 2. d4 d5 3. exd5 cxd5 4. Bd3 Nc6 5. c3 Qc7 6. Ne2 Bg4 7. 0-0 e6 8. Qe1 Be7 9. Ng3 Nf6 10. Bg5 Nh5 11. Bxe7 Qxe7 12. Nd2 Nxg3 13. hxg3 Bh5 14. a4 Bg6 15. Qe2 Bxd3 16. Qxd3 0-0 17. Nf3 Rac8 18. Rfe1 b6 19. g4 Qf6 20. g5 Qg6 21. Qe3 Rc7 22. Qf4 Rfc8 23. Re2 Ne7 24. Rae1 Qf5 25. Qg3 Ng6 26. Nh4 Qf4 27. Qxf4 Nxf4 28. Re3 Ng6 29. Nf3 Rc4 30. Ra1 Kf8 31. g3 Ke7 32. Kg2 Kf8 33. Nd2 R4c7 34. a5 b5 35. Nb3 a6 36. Nc5 Rc6 37. Nd3 Rd6 38. Rh1 Kg8 39. Ree1 Nf8 40. Rh4 Nd7 41. Reh1 Nf8 42. Kf3 Rdc6 43. Nb4 Rd6 44. Ke2 Rc4 45. Kd2 Rc8 46. Nd3 Rc7 47. R4h2 Rc8 48. f3 Rc7 49. g4 Rc8 50. f4 Re8 51. f5 g6 52. f6 Rc8 53. Nb4 Rc7 54. Rh6 Rc8 55. Nd3 Rc7 56. Nc5 Rc8 57. Kc2 Rc7 58. Kb3 Rc8 59. Kb4 Rc7 60. b3 Rc8 61. R6h2 Rc7 62. Rc2 Rc8 63. Nd3 Rdc6 64. Ne5 Rd6 65. Rh3 Rcd8 66. Rch2 Rc8 67. Ka3 Rc7 68. Nd3 Rc8 69. Kb2 Rdc6 70. Nb4 Rd6 71. Rc2 Rcd8 72. Nd3 Rc8 73. Nc5 Rcc6 74. Rhh2 Rc8 75. Ka3 Rc7 76. Kb4 Rc8 77. Rhd2 Rc7 78. c4 bxc4 79. bxc4 dxc4 80. Rxc4 Rd5 81. Ne4 Rb7+ 82. Ka4 Rbb5 83. Rc5 Rb1 84. Rxd5 exd5 85. Nc5 Ra1+ 86. Kb4 Rb1+ 87. Ka3 Ra1+ 88. Ra2 Rxa2+ 89. Kxa2 Ne6 90. Nxa6 Nxd4 91. Nc7 Nc6 92. a6 h6 93. gxh6 g5 94. Nxd5 Kh7 95. Kb3 Kxh6 96. Kc4 Na7 97. Kc5 Nc8 98. Ne7 Na7 99. Kb6 1-0

[Event "Titled Tuesday intern op 18th Mar Late"]
[Site "Chess.com INT"]
[Date "2025.03.18"]
[Round "7"]
[White "Bok, Benjamin"]
[Black "Bryakin, Mikhail"]
[Result "0-1"]
[WhiteElo "2592"]
[BlackElo "2434"]
[PlyCount "74"]
[EventDate "2025.03.18"]
[EventType "swiss (blitz)"]
[EventRounds "11"]
[EventCountry "USA"]
[SourceTitle "CB13_2025"]
[SourceDate "2025.03.26"]
[SourceVersion "1"]
[SourceVersionDate "2025.03.26"]
[SourceQuality "1"]

1. d4 Nf6 2. c4 g6 3. g3 c6 4. Nf3 d5 5. b3 Bg7 6. Bg2 0-0 7. 0-0 a5 8. Nc3 Bf5 9. Bb2 Ne4 10. e3 Nxc3 11. Bxc3 Be4 12. Qe2 a4 13. Rfc1 Nd7 14. Bf1 Bxf3 15. Qxf3 e6 16. b4 Nb6 17. c5 Nd7 18. b5 e5 19. Rab1 e4 20. Qd1 f5 21. a3 g5 22. Rb4 f4 23. Rxa4 f3 24. Rxa8 Qxa8 25. a4 Nf6 26. Rb1 h5 27. a5 h4 28. bxc6 bxc6 29. a6 hxg3 30. hxg3 Kh7 31. Qa4 Kg6 32. a7 Rh8 33. Qa5 Qg8 34. Rb8 Bf8 35. Qd8 Qh7 36. Bg2 fxg2 37. Kxg2 Qh3+ 0-1

[Event "Titled Tuesday intern op 18th Mar Late"]
[Site "Chess.com INT"]
[Date "2025.03.18"]
[Round "11"]
[White "Bryakin, Mikhail"]
[Black "Ghasi, Ameet K"]
[Result "1-0"]
[WhiteElo "2434"]
[BlackElo "2505"]
[PlyCount "103"]
[EventDate "2025.03.18"]
[EventType "swiss (blitz)"]
[EventRounds "11"]
[EventCountry "USA"]
[SourceTitle "CB13_2025"]
[SourceDate "2025.03.26"]
[SourceVersion "1"]
[SourceVersionDate "2025.03.26"]
[SourceQuality "1"]

1. Nf3 g6 2. d4 Bg7 3. g3 d6 4. Bg2 Nf6 5. 0-0 0-0 6. c4 c6 7. Nc3 Qa5 8. e4 Bg4 9. Qb3 Nbd7 10. Qxb7 Rab8 11. Qxc6 Rfc8 12. Qa4 Qxa4 13. Nxa4 Rxc4 14. b3 Rxa4 15. bxa4 Nxe4 16. Be3 Nc3 17. Rfe1 Nxa4 18. Rab1 Ndb6 19. Rec1 Be6 20. a3 Bf6 21. h4 Kg7 22. Ng5 Bf5 23. Rb4 a5 24. Rb5 Bd7 25. Rxa5 Nb2 26. Ra7 Bf5 27. Rb7 Rxb7 28. Bxb7 N2c4 29. Rc3 d5 30. Bc6 e5 31. Nf3 e4 32. Ne1 Nxe3 33. fxe3 Nc4 34. Bxd5 Nxe3 35. Rxe3 Bxd4 36. Nc2 Bxe3+ 37. Nxe3 Bd7 38. Bxe4 f5 39. Bc2 Kf6 40. Kf2 Ke5 41. a4 h6 42. a5 Bb5 43. h5 gxh5 44. Nxf5 Bd7 45. Nh4 Kf6 46. Bd1 Bb5 47. Be2 Bc6 48. Bxh5 Bb7 49. Bf3 Ba6 50. Ke3 Bc8 51. Be2 Ba6 52. Bxa6 1-0

[Event "Titled Tuesday intern op 18th Mar Late"]
[Site "Chess.com INT"]
[Date "2025.03.18"]
[Round "9"]
[White "Bryakin, Mikhail"]
[Black "Moussard, Jules"]
[Result "1/2-1/2"]
[WhiteElo "2434"]
[BlackElo "2592"]
[PlyCount "158"]
[EventDate "2025.03.18"]
[EventType "swiss (blitz)"]
[EventRounds "11"]
[EventCountry "USA"]
[SourceTitle "CB13_2025"]
[SourceDate "2025.03.26"]
[SourceVersion "1"]
[SourceVersionDate "2025.03.26"]
[SourceQuality "1"]

1. Nf3 d5 2. d4 Nf6 3. c4 e6 4. g3 Be7 5. Bg2 0-0 6. 0-0 c6 7. Qc2 b6 8. b3 Nbd7 9. Rd1 Ba6 10. Ba3 Rc8 11. Bxe7 Qxe7 12. Nbd2 c5 13. dxc5 Qxc5 14. Rac1 dxc4 15. Nxc4 Ng4 16. e3 Nde5 17. Nfxe5 Nxe5 18. Qb2 Nxc4 19. bxc4 Bxc4 20. Bf1 b5 21. Bxc4 bxc4 22. Qd4 Qc7 23. Qe4 Qc6 24. Qd4 Rc7 25. Rc3 Rfc8 26. Rdc1 a5 27. h4 h5 28. Kf1 g6 29. Ke2 a4 30. R1c2 Qb5 31. Qd6 Rd7 32. Qf4 Rdc7 33. Qd4 Qd5 34. Qxd5 exd5 35. Rb2 Kg7 36. Rb4 Kf6 37. Kd2 Ra7 38. Rb6+ Ke5 39. f3 f6 40. Rc1 Rac7 41. Kc3 Rc6 42. Rb5 Kd6 43. Rd1 Rc5 44. Rb6+ R8c6 45. Rb4 Ra5 46. e4 Ke6 47. Rd4 dxe4 48. Rxe4+ Kf5 49. Rf4+ Ke5 50. Re4+ Kf5 51. Rf4+ Ke6 52. Re4+ Re5 53. Rbxc4 Rxc4+ 54. Kxc4 Rxe4+ 55. fxe4 Ke5 56. Kd3 f5 57. exf5 Kxf5 58. Ke3 Kg4 59. Kf2 Kh3 60. a3 Kh2 61. Kf3 Kh3 62. Kf4 Kg2 63. g4 hxg4 64. Kxg4 Kh2 65. Kg5 Kg3 66. Kxg6 Kxh4 67. Kf5 Kh5 68. Ke5 Kg6 69. Kd5 Kf7 70. Kc5 Ke7 71. Kb5 Kd7 72. Kxa4 Kc8 73. Ka5 Kb8 74. a4 Ka8 75. Kb5 Ka7 76. a5 Ka8 77. a6 Ka7 78. Ka5 Ka8 79. a7 Kxa7 1/2-1/2

[Event "Titled Tuesday intern op 18th Mar Late"]
[Site "Chess.com INT"]
[Date "2025.03.18"]
[Round "4"]
[White "Lazavik, Denis"]
[Black "Bryakin, Mikhail"]
[Result "1-0"]
[WhiteElo "2572"]
[BlackElo "2434"]
[PlyCount "91"]
[EventDate "2025.03.18"]
[EventType "swiss (blitz)"]
[EventRounds "11"]
[EventCountry "USA"]
[SourceTitle "CB13_2025"]
[SourceDate "2025.03.26"]
[SourceVersion "1"]
[SourceVersionDate "2025.03.26"]
[SourceQuality "1"]

1. d4 Nf6 2. c4 g6 3. g3 c6 4. Bg2 d5 5. Nf3 Bg7 6. 0-0 0-0 7. Qa4 Bf5 8. Nc3 Qb6 9. Rd1 Qa6 10. Qxa6 Nxa6 11. Ne5 Rfd8 12. cxd5 cxd5 13. Bg5 Be6 14. Rac1 h6 15. Be3 Ne8 16. h4 Nac7 17. Bf4 Rac8 18. Na4 g5 19. hxg5 hxg5 20. Be3 f6 21. Nd3 b6 22. Nb4 Rd7 23. Nc3 Rd6 24. Ncxd5 Nxd5 25. Rxc8 Nxe3 26. Rxe8+ Kf7 27. Rxe7+ Kxe7 28. fxe3 a5 29. Nc6+ Kf7 30. d5 Bd7 31. Rc1 f5 32. b3 Bb2 33. Rc2 Ba3 34. Kf2 Bc5 35. Nxa5 f4 36. gxf4 gxf4 37. Nc4 fxe3+ 38. Nxe3 Rf6+ 39. Bf3 Ke7 40. Rc3 Bb5 41. a4 Ba6 42. Kg2 Rg6+ 43. Kf2 Rh6 44. Rxc5 Rh2+ 45. Kg3 bxc5 46. Kxh2 1-0